000 00568nam a2200157 a 4500
008 120416s1958 ||||||||||||||||| || u
050 _aQE 601.2 Don
100 _aDonn, William L
245 1 0 _aGraphic methods in structural geology
260 _aNew York
_bAppleton-Century-Crafts
_c1958
300 _aviii, 180p. : ill
350 _a0.00
650 _aGEOLOGY--STUDY AND TEACHING
650 _aGEOLOGY, STRUCTURAL
995 _D0.00
_FCBU-MAIN LIBRARY (Kitwe)
_H1
_I4.50
_M1
_UDAMAGED
_ZMain Library Open Access Collection
999 _c44891
_d44891